[Event "Championnat de France des Jeunes - Cade"]
[Site "TROYES"]
[Date "2010.04.14"]
[Round "5.1"]
[White "Soubirou, Oriane"]
[Black "Auvray, Juliette"]
[Result "1-0"]
[WhiteElo "2017"]
[BlackElo "1974"]
[PlyCount "0"]

1. e4 c5 2. Nf3 e6 3. d4 cxd4 4. Nxd4 a6 5. g3 d6 6. Bg2 Nf6 7. Nc3 Be7 8. O-O
O-O 9. a4 Nbd7 10. h3 Qc7 11. Be3 Ne5 12. f4 Nc4 13. Bc1 Qc5 14. Kh2 Bd7 15.
Nde2 Rac8 16. Qd3 b5 17. b3 b4 18. Nd1 Na5 19. Ne3 Bc6 20. g4 d5 21. e5 Nd7 22.
Bb2 Bb7 23. Ng3 Qc7 24. g5 Nc5 25. Qe2 Ne4 26. Bxe4 dxe4 27. Rac1 Bd5 28. Ng4
Rfd8 29. Nxe4 Bxe4 30. Qxe4 Rd2+ 31. Rf2 Rcd8 32. Rg2 Qc6 33. Qxc6 Nxc6 34.
Rcg1 Bc5 35. Rxd2 Rxd2+ 36. Rg2 Rxg2+ 37. Kxg2 Bd4 38. Bxd4 Nxd4 39. Ne3 Kf8
40. Kf2 Ke7 41. Ke1 f6 42. gxf6+ gxf6 43. exf6+ Kxf6 44. Kd2 Nc6 45. Kd3 e5 46.
Ng4+ Kf5 47. Nxe5 Ne7 48. Ke3 Nd5+ 49. Kf3 Nxf4 50. Nd3 Nxh3 51. Nxb4 Ng5+ 52.
Kg3 Ne4+ 53. Kf3 Nc5 54. Nd5 Ke5 55. Nf4 Kd4 56. Ne2+ Ke5 57. Ke3 Ne6 58. b4
Kd5 59. Nf4+ Nxf4 60. Kxf4 Kc4 61. c3 Kd5 1-0

[Event "Championnat de France des Jeunes - Cade"]
[Site "TROYES"]
[Date "2010.04.14"]
[Round "5.2"]
[White "Jeannerot, Lea"]
[Black "Thuret, Marine"]
[Result "0-1"]
[WhiteElo "2030"]
[BlackElo "1832"]
[PlyCount "78"]

1. Nf3 g6 2. d4 Bg7 3. e4 d6 4. Be3 Nf6 5. Bd3 O-O 6. h3 Nbd7 7. O-O c6 8. c4
e5 9. d5 Ne8 10. Qc2 cxd5 11. cxd5 Nb6 12. Nc3 h6 13. Qd2 Kh7 14. Nh2 f5 15.
Bxb6 Qxb6 16. Kh1 f4 17. f3 g5 18. Rac1 h5 19. Na4 Qd8 20. Be2 Bh6 21. Bb5 Nf6
22. Qc3 Rf7 23. Qc2 g4 24. fxg4 hxg4 25. hxg4 Nxg4 26. Nxg4 Bxg4 27. g3 f3 28.
Rce1 Bh3 29. Rf2 Qg8 30. Bf1 Qxg3 31. Bxh3 Qxh3+ 32. Rh2 Qg4 33. Rg1 Qf4 34.
Qf2 Rg7 35. Rxg7+ Kxg7 36. Rh3 Rf8 37. Rg3+ Kh7 38. Nc3 Qh4+ 39. Kg1 Be3 0-1

[Event "Championnat de France des Jeunes - Cade"]
[Site "TROYES"]
[Date "2010.04.14"]
[Round "5.3"]
[White "Armas, Lena"]
[Black "Macarry, Elodie"]
[Result "1-0"]
[WhiteElo "1816"]
[BlackElo "1898"]
[PlyCount "41"]

1. e4 c6 2. d4 d5 3. f3 e6 4. Nc3 Bb4 5. Qd3 dxe4 6. fxe4 Ne7 7. Nge2 Ng6 8.
Bd2 Nd7 9. O-O-O Nb6 10. a3 Be7 11. g3 Bd7 12. h4 h5 13. Bh3 c5 14. Nf4 Nxf4
15. Bxf4 c4 16. Qf3 Bf6 17. Rhf1 Rf8 18. Qxh5 Bc8 19. Nb5 g6 20. Qf3 Bd7 21.
Bc7 1-0

[Event "Championnat de France des Jeunes - Cade"]
[Site "TROYES"]
[Date "2010.04.14"]
[Round "5.4"]
[White "Copin, Oceane"]
[Black "Le Bail, Arielle"]
[Result "1/2-1/2"]
[WhiteElo "1871"]
[BlackElo "1847"]
[PlyCount "72"]

1. d4 Nf6 2. Nf3 e6 3. c4 b6 4. g3 Ba6 5. Qc2 Bb4+ 6. Bd2 Be7 7. Bg2 O-O 8. O-O
c6 9. Re1 d5 10. b3 Nbd7 11. Bf4 Rc8 12. Ne5 Nh5 13. Nd2 Nxf4 14. gxf4 Nxe5 15.
dxe5 f6 16. Bh3 f5 17. Kh1 dxc4 18. Rad1 Qd4 19. e3 Qd3 20. Qc1 cxb3 21. Bf1
Qd5+ 22. e4 Qa5 23. Nxb3 Qxa2 24. Bxa6 Qxa6 25. Nd4 Bb4 26. Rg1 Qa2 27. Qe3 c5
28. Nb5 Rcd8 29. Ra1 Qd2 30. Rxa7 Rf7 31. Rxf7 Kxf7 32. Nd6+ Kg8 33. Qb3 c4 34.
Qxc4 Bxd6 35. Qxe6+ Kh8 36. exd6 Qd3 1/2-1/2

[Event "Championnat de France des Jeunes - Cade"]
[Site "TROYES"]
[Date "2010.04.14"]
[Round "5.5"]
[White "Klipper, Noemie"]
[Black "De Seroux, Camille"]
[Result "0-1"]
[WhiteElo "1872"]
[BlackElo "2019"]
[PlyCount "46"]

1. c4 Nf6 2. Nc3 g6 3. e4 d6 4. d4 Bg7 5. Nf3 O-O 6. Be2 Qe8 7. O-O e5 8. dxe5
dxe5 9. Be3 Na6 10. h3 b6 11. Rb1 Bb7 12. Nd2 Rd8 13. f3 Nh5 14. b4 f5 15. Qc2
Kh8 16. Bf2 Nf4 17. Rfe1 Qe7 18. a3 Rxd2 19. Qxd2 Qg5 20. Bg3 Nxh3+ 21. gxh3
Qxd2 22. Nd5 fxe4 23. fxe4 c6 0-1

[Event "Championnat de France des Jeunes - Cade"]
[Site "TROYES"]
[Date "2010.04.14"]
[Round "5.6"]
[White "Muller, Marion"]
[Black "Hourlier, Claire"]
[Result "1-0"]
[WhiteElo "1943"]
[BlackElo "1915"]
[PlyCount "97"]

1. e4 c5 2. Nf3 Nc6 3. d4 cxd4 4. Nxd4 g6 5. Nb3 Bg7 6. Be2 Nf6 7. Nc3 d6 8.
O-O O-O 9. Re1 a6 10. Bf1 Bd7 11. Nd5 Re8 12. Be3 Nxd5 13. exd5 Ne5 14. Bd4 Rc8
15. h3 b5 16. c3 Qc7 17. Nd2 Bf5 18. Ne4 Qb7 19. Qb3 Rb8 20. Ng3 Bd3 21. Bxe5
Bxf1 22. Rxf1 Bxe5 23. f4 Bg7 24. Rae1 a5 25. a3 b4 26. axb4 axb4 27. c4 Kf8
28. f5 Rec8 29. Qd3 Qb6+ 30. Kh1 Qd4 31. Qf3 Qf6 32. Qe3 Qe5 33. Qf3 Qf6 34. b3
Ra8 35. Qe3 Ra3 36. fxg6 Qxg6 37. Qxe7+ Kg8 38. Nf5 Rxb3 39. Qe8+ Rxe8 40.
Rxe8+ Bf8 41. Ne7+ Kg7 42. Nxg6 hxg6 43. Rb8 f5 44. Re1 Kf7 45. Rb7+ Kf6 46. h4
f4 47. Re6+ Kf5 48. Rf7+ Kg4 49. Rxf8 1-0

[Event "Championnat de France des Jeunes - Cade"]
[Site "TROYES"]
[Date "2010.04.14"]
[Round "5.7"]
[White "Saucey, Capucine"]
[Black "Dubois, Emmanuelle"]
[Result "0-1"]
[WhiteElo "1798"]
[BlackElo "1811"]
[PlyCount "68"]

1. e4 d5 2. exd5 Qxd5 3. d4 Nf6 4. Nc3 Qd6 5. Nf3 a6 6. g3 Bg4 7. Bg2 Nc6 8.
Bf4 Qe6+ 9. Be3 O-O-O 10. O-O h5 11. Qd2 Qd7 12. Ng5 e6 13. Bxc6 bxc6 14. Qd3
Kb7 15. Na4 Rb8 16. c4 c5 17. d5 Qxa4 18. Nxf7 Bf5 19. Qe2 Rg8 20. Rfd1 exd5
21. cxd5 Qe4 22. Ng5 Qe7 23. Qc4 Rh8 24. Rac1 Ne4 25. Nxe4 Qxe4 26. Qxe4 Bxe4
27. Bxc5 Bxc5 28. Rxc5 Rbd8 29. b4 Rh6 30. Rd4 Bf3 31. Rf4 Bg4 32. Kg2 Rhd6 33.
h3 Be6 34. f3 Rxd5 0-1

[Event "Championnat de France des Jeunes - Cade"]
[Site "TROYES"]
[Date "2010.04.14"]
[Round "5.8"]
[White "Auffret, Gaelle"]
[Black "Lefevre, Margaux"]
[Result "0-1"]
[WhiteElo "1669"]
[BlackElo "2036"]
[PlyCount "64"]

1. d4 Nf6 2. c4 c5 3. d5 b5 4. cxb5 a6 5. b6 Qxb6 6. Nc3 g6 7. e4 d6 8. Nf3 Bg4
9. Qa4+ Bd7 10. Qc2 Bg7 11. Be2 O-O 12. Nd2 Qb7 13. Nc4 a5 14. O-O Na6 15. a3
Nc7 16. Re1 Rfb8 17. Be3 a4 18. Rad1 Nb5 19. Rb1 Nd4 20. Qd2 Ne8 21. Bf1 Qb3
22. Rec1 Qb7 23. Ne2 Nb3 24. Qc2 Nxc1 25. Qxc1 Bb5 26. Nc3 Ba6 27. Na5 Qc7 28.
Nc6 Rb3 29. Qc2 Bxf1 30. Nxa4 Bb5 31. Nxc5 dxc5 32. Bxc5 Bxc6 0-1

[Event "Championnat de France des Jeunes - Cade"]
[Site "TROYES"]
[Date "2010.04.14"]
[Round "5.9"]
[White "Daif, Sarah"]
[Black "Durot, Edwige"]
[Result "1-0"]
[WhiteElo "1643"]
[BlackElo "1745"]
[PlyCount "95"]

1. d4 c5 2. e3 e6 3. b3 Nf6 4. Nf3 b6 5. Bd3 Bb7 6. Nbd2 d6 7. Bb2 Be7 8. O-O
O-O 9. a3 Nbd7 10. Qe2 Qc7 11. Ba6 Rac8 12. Bxb7 Qxb7 13. c4 Rfe8 14. Qd3 d5
15. Ne5 Red8 16. Qe2 Qb8 17. Rac1 Bd6 18. f4 Bf8 19. Qf3 Qa8 20. a4 dxc4 21.
Qxa8 Rxa8 22. Ndxc4 cxd4 23. exd4 Rac8 24. Rfe1 Nb8 25. h3 Nd5 26. Rf1 Nb4 27.
Rcd1 N8c6 28. Nxc6 Rxc6 29. f5 exf5 30. Rxf5 Nd5 31. Kf2 Rf6 32. Rxf6 Nxf6 33.
Ne5 h6 34. Kf3 Bd6 35. Nc6 Rd7 36. d5 Ne8 37. Ke4 a6 38. Be5 b5 39. axb5 axb5
40. Bxd6 Nxd6+ 41. Ke5 Nb7 42. b4 Nd6 43. Kd4 Nf5+ 44. Kc5 Nd6 45. Ne5 Rd8 46.
Kc6 Kf8 47. Nd7+ Kg8 48. Kxd6 1-0

[Event "Championnat de France des Jeunes - Cade"]
[Site "TROYES"]
[Date "2010.04.14"]
[Round "5.10"]
[White "Uhl, Sarah"]
[Black "Abidi, Ines"]
[Result "1-0"]
[WhiteElo "1714"]
[BlackElo "1651"]
[PlyCount "63"]

1. e4 e6 2. d4 d5 3. e5 c5 4. c3 Qb6 5. Nf3 Nc6 6. Bd3 Bd7 7. O-O cxd4 8. cxd4
Nxd4 9. Nxd4 Qxd4 10. Nc3 a6 11. Qe2 Ne7 12. Kh1 Nc6 13. f4 Bc5 14. a3 Ba7 15.
Bd2 Qb6 16. b4 Nd4 17. Qg4 g6 18. Rab1 Qd8 19. Rfc1 h5 20. Qg3 Rc8 21. Qe1 h4
22. b5 h3 23. bxa6 hxg2+ 24. Kxg2 Rxh2+ 25. Kxh2 Nf3+ 26. Kg2 Nxe1+ 27. Rxe1
bxa6 28. Rh1 Qa5 29. Ne4 Qxa3 30. Nd6+ Ke7 31. Nxc8+ Bxc8 32. Bb4+ 1-0

[Event "Championnat de France des Jeunes - Mini"]
[Site "Troyes"]
[Date "2010.04.14"]
[Round "5.1"]
[White "Ider, Borya"]
[Black "Loiseau, Quentin"]
[Result "1/2-1/2"]
[WhiteElo "2283"]
[BlackElo "2185"]
[PlyCount "0"]

1. d4 Nf6 2. c4 g6 3. Nc3 Bg7 4. g3 d5 5. Bg2 dxc4 6. Qa4+ Nbd7 7. Nf3 O-O 8.
Qxc4 Nb6 9. Qd3 Nbd5 10. Nxd5 Qxd5 11. Nh4 Qh5 12. O-O Rd8 13. Qc4 Qa5 14. Bf4
c6 15. Be5 Be6 16. Qc2 Bh6 17. Bxf6 exf6 18. Rfd1 f5 19. e3 Bd5 20. Nf3 Bf8 21.
Nd2 Bxg2 22. Kxg2 Qd5+ 23. Kg1 c5 24. dxc5 Qxc5 25. Qxc5 Bxc5 26. Nb3 Bb6 27.
Kf1 Kf8 28. Ke2 Ke7 29. Rxd8 Rxd8 30. a4 Rd5 31. Rd1 Re5 32. Kd3 Re6 33. Rc1
Rd6+ 34. Ke2 Kd7 35. Rc4 Rd5 36. Nd4 Bd8 37. b3 a6 38. Nc2 Bf6 39. Nb4 Rd6 40.
Nd3 Rc6 41. Kd2 Rxc4 42. bxc4 Kc6 43. Kc2 b5 44. axb5+ axb5 45. Kb3 bxc4+ 46.
Kxc4 Kd6 47. h3 Bd8 48. Nf4 Ke5 49. Kd3 Ba5 50. Ke2 Ke4 51. Nd3 Bb6 52. Nb4 Ke5
53. Kd3 Ke6 54. Nc2 Ba5 55. Nd4+ Kf6 56. Ke2 Bb6 57. Nf3 1/2-1/2

[Event "Championnat de France des Jeunes - Mini"]
[Site "Troyes"]
[Date "2010.04.14"]
[Round "5.2"]
[White "Meley, Hector"]
[Black "Barbot, Pierre"]
[Result "0-1"]
[WhiteElo "1938"]
[BlackElo "2111"]
[PlyCount "102"]

1. d4 Nf6 2. c4 g6 3. Nc3 d5 4. cxd5 Nxd5 5. e4 Nxc3 6. bxc3 Bg7 7. Bc4 c5 8.
Ne2 Nc6 9. Be3 O-O 10. Rc1 Qc7 11. h4 Rd8 12. h5 Ne5 13. Bb3 Ng4 14. hxg6 hxg6
15. Bf4 Qb6 16. f3 cxd4 17. cxd4 Bxd4 18. Nxd4 Rxd4 19. Qc2 Be6 20. fxg4 Qb4+
21. Kf2 Rxe4 22. Be3 Bxb3 23. Qxb3 Rxg4 24. Rc7 Qe4 25. Rg1 Qf5+ 26. Ke2 Rc8
27. Rxc8+ Qxc8 28. Qd3 Rc4 29. Rd1 Rc2+ 30. Rd2 Rxd2+ 31. Qxd2 Qe6 32. Kf2 a6
33. Bd4 f6 34. Qc2 Kf7 35. Qd2 Kg7 36. a4 Qf5+ 37. Kg3 b5 38. axb5 Qxb5 39. Qc3
a5 40. Bc5 Kf7 41. Qe3 e5 42. Ba3 Qd7 43. Qc5 a4 44. Qf8+ Ke6 45. Kf3 Qd1+ 46.
Kf2 Qd2+ 47. Kf3 Qf4+ 48. Ke2 Qc4+ 49. Kf2 Kf5 50. Be7 Qc6 51. Ke3 a3 0-1

[Event "Championnat de France des Jeunes - Mini"]
[Site "Troyes"]
[Date "2010.04.14"]
[Round "5.3"]
[White "Wurtz, Guillaume"]
[Black "Muheim, Sebastien"]
[Result "1/2-1/2"]
[WhiteElo "1864"]
[BlackElo "2053"]
[PlyCount "104"]

1. e4 e6 2. d4 d5 3. e5 c5 4. c3 Nc6 5. Nf3 Nh6 6. a3 cxd4 7. cxd4 f6 8. exf6
Qxf6 9. Bg5 Qf7 10. Bxh6 gxh6 11. Bb5 Bg7 12. O-O O-O 13. Nc3 Bd7 14. Bxc6 Bxc6
15. Qe2 Qf5 16. Rae1 Rf6 17. Ne5 Raf8 18. f4 h5 19. g3 Rc8 20. Rc1 Rff8 21. Kg2
Kh8 22. h4 a6 23. Rfe1 Rc7 24. Qc2 Qf6 25. Qd3 Rfc8 26. Qe3 Be8 27. Nb1 Qf5 28.
Rxc7 Rxc7 29. Nc3 b5 30. Nf3 Bd7 31. Ne5 Bc8 32. b4 Qc2+ 33. Ne2 Qb2 34. Kf3
Bb7 35. Rc1 Rc2 36. Rxc2 Qxc2 37. Qd3 Qc7 38. Qc3 Bxe5 39. fxe5 Bc6 40. Nf4 Qc8
41. Nxh5 Qf8+ 42. Nf4 Be8 43. Kg2 Bg6 44. Nxg6+ hxg6 45. Qf3 Qc8 46. Qf6+ Kh7
47. Qf7+ Kh6 48. Kh3 Qc6 49. Qf8+ Kh7 50. Qf6 Qc8 51. Qe7+ Kh6 52. Qf6 Kh7
1/2-1/2

[Event "Championnat de France des Jeunes - Mini"]
[Site "Troyes"]
[Date "2010.04.14"]
[Round "5.4"]
[White "Ollier, Milan"]
[Black "Feryn, Benjamin"]
[Result "0-1"]
[WhiteElo "2117"]
[BlackElo "1985"]
[PlyCount "84"]

1. e4 e5 2. Bc4 Nf6 3. Nc3 Bb4 4. d3 c6 5. Bg5 h6 6. Bxf6 Qxf6 7. Nge2 d6 8.
O-O Be6 9. Bxe6 Qxe6 10. f4 Nd7 11. d4 Nf6 12. fxe5 dxe5 13. Rf5 O-O-O 14. Rxe5
Qxe5 15. dxe5 Bc5+ 16. Kf1 Rxd1+ 17. Nxd1 Ng4 18. h3 Nxe5 19. Nec3 Rd8 20. Ke1
Nc4 21. b3 Na3 22. Rc1 Bb4 23. Ke2 Rd7 24. Ke3 Nb5 25. Nxb5 Bd2+ 26. Kf3 Bxc1
27. Nbc3 Bd2 28. Ne2 Bg5 29. Ne3 Bxe3 30. Kxe3 Rd1 31. a4 a5 32. h4 Kb8 33. h5
Rh1 34. g4 Rh3+ 35. Kf4 Kc7 36. Nd4 g6 37. hxg6 fxg6 38. e5 Kd7 39. c4 c5 40.
Nc2 Rxb3 41. Ke4 Rc3 42. Ne3 Rxe3+ 0-1

[Event "Championnat de France des Jeunes - Mini"]
[Site "Troyes"]
[Date "2010.04.14"]
[Round "5.5"]
[White "Netzer, Jacques"]
[Black "Fourcand, Pierre"]
[Result "1/2-1/2"]
[WhiteElo "2215"]
[BlackElo "2004"]
[PlyCount "92"]

1. e4 c5 2. Nf3 d6 3. d4 cxd4 4. Nxd4 Nf6 5. Nc3 a6 6. Be2 e5 7. Nb3 Be7 8. Be3
Be6 9. O-O O-O 10. Qd2 Nbd7 11. a4 Qc7 12. Rfd1 Rac8 13. a5 Rfd8 14. f3 Nc5 15.
Nxc5 dxc5 16. Qe1 Rxd1 17. Qxd1 Rd8 18. Qf1 Rd4 19. Bxd4 cxd4 20. Nd1 Qxc2 21.
Nf2 Nd7 22. Rc1 Qxb2 23. Rb1 Qa2 24. Rxb7 Qxa5 25. Ra7 g6 26. Rxa6 Qb4 27. Rc6
Nc5 28. Nd3 Nxd3 29. Bxd3 Bg5 30. g3 Be3+ 31. Kg2 Qd2+ 32. Qe2 Qa5 33. Ra6 Qc3
34. Rb6 Kg7 35. Qc2 Qxc2+ 36. Bxc2 d3 37. Rc6 dxc2 38. Rxc2 Bd4 39. Rc7 Kf6 40.
h4 h5 41. Rb7 g5 42. hxg5+ Kxg5 43. Rb8 f5 44. exf5 Kxf5 45. Rf8+ Kg6 46. Re8
Bf7 1/2-1/2

[Event "Championnat de France des Jeunes - Mini"]
[Site "Troyes"]
[Date "2010.04.14"]
[Round "5.6"]
[White "Domenech, Vianney"]
[Black "Aubry, Yannis"]
[Result "1-0"]
[WhiteElo "2050"]
[BlackElo "1965"]
[PlyCount "49"]

1. d4 Nf6 2. Bf4 e6 3. e3 b6 4. Nf3 Bb7 5. Bd3 Be7 6. h3 c5 7. c3 d6 8. Nbd2
Nbd7 9. Qe2 a6 10. e4 Qc7 11. Bh2 b5 12. e5 Ng8 13. Ne4 Bxe4 14. Bxe4 d5 15.
Bxd5 exd5 16. e6 Qb6 17. exd7+ Kxd7 18. Ne5+ Ke8 19. O-O c4 20. Rae1 Ra7 21.
Qg4 Kf8 22. Nd7+ Rxd7 23. Qxd7 Qd8 24. Rxe7 Qxe7 25. Bd6 1-0

[Event "Championnat de France des Jeunes - Mini"]
[Site "Troyes"]
[Date "2010.04.14"]
[Round "5.7"]
[White "Boukhris-Ferre, Yacine"]
[Black "Eden, James"]
[Result "0-1"]
[WhiteElo "1966"]
[BlackElo "2047"]
[PlyCount "117"]

1. d4 d5 2. Nc3 Nf6 3. Bg5 Bf5 4. f3 c5 5. e4 dxe4 6. d5 Nbd7 7. Qe2 h6 8. Bxf6
exf6 9. Nxe4 Bxe4 10. Qxe4+ Qe7 11. Qxe7+ Bxe7 12. Bb5 O-O-O 13. Bxd7+ Rxd7 14.
O-O-O c4 15. Ne2 Rhd8 16. Nc3 a6 17. Rd4 b5 18. a4 Bc5 19. Rg4 f5 20. Rxg7 b4
21. Ne2 Rxd5 22. Rxf7 Be3+ 23. Kb1 Rd2 24. Ng3 b3 25. cxb3 Bd4 26. Nxf5 Rxb2+
27. Ka1 Rxb3+ 28. Nxd4 Rxd4 29. Re1 c3 30. Ka2 Rbb4 31. Re8+ Rd8 32. Ree7 Kb8
33. Rc7 Rc8 34. Rxc8+ Kxc8 35. Rf5 Rb2+ 36. Ka3 Rxg2 37. Rc5+ Kd7 38. Rxc3 Rxh2
39. f4 h5 40. Rf3 Ke6 41. f5+ Kf6 42. Kb4 Rh4+ 43. Ka5 Rg4 44. Kxa6 Rxa4+ 45.
Kb5 Rg4 46. Kc5 h4 47. Kd5 Ra4 48. Kc5 Re4 49. Kd5 Rg4 50. Kc5 Rg3 51. Rf2 h3
52. Kd4 Rg2 53. Ke3 h2 54. Rxg2 h1=Q 55. Rf2 Qe1+ 56. Re2 Qc3+ 57. Kf4 Qd4+ 58.
Re4 Qf2+ 59. Kg4 0-1

[Event "Championnat de France des Jeunes - Mini"]
[Site "Troyes"]
[Date "2010.04.14"]
[Round "5.8"]
[White "Rachid, Danial"]
[Black "Khalfaoui, Mathias"]
[Result "1-0"]
[WhiteElo "2040"]
[BlackElo "1760"]
[PlyCount "43"]

1. e4 d6 2. d4 Nf6 3. Nc3 g6 4. Bg5 Bg7 5. Qd2 b6 6. O-O-O O-O 7. f3 c5 8. Nge2
Nc6 9. h4 a6 10. h5 Bh8 11. dxc5 bxc5 12. hxg6 fxg6 13. Bxf6 Bxf6 14. Qd5+ Kg7
15. Qxc6 Rb8 16. f4 Bb7 17. Qa4 Qb6 18. b3 Bc6 19. Qc4 Bb5 20. Qe6 Bxe2 21.
Bxe2 Bxc3 22. Qxe7+ 1-0

[Event "Championnat de France des Jeunes - Mini"]
[Site "Troyes"]
[Date "2010.04.14"]
[Round "5.9"]
[White "Luciani, Thibault"]
[Black "Ane, Cedric"]
[Result "0-1"]
[WhiteElo "1861"]
[BlackElo "2106"]
[PlyCount "96"]

1. e4 c5 2. Nf3 Nc6 3. d4 cxd4 4. Nxd4 g6 5. Nc3 Bg7 6. Be3 Nf6 7. Bc4 O-O 8.
Bb3 d6 9. Qd2 Ng4 10. Nxc6 bxc6 11. O-O Nxe3 12. Qxe3 Qb6 13. Qxb6 axb6 14. Nd1
Ra5 15. c3 Ba6 16. Re1 Ra8 17. Ne3 b5 18. a3 Bc8 19. Rad1 Kf8 20. f4 Rb8 21. e5
d5 22. Nc2 e6 23. Nb4 Rb6 24. Nd3 Ke8 25. Ra1 Bf8 26. Bc2 Ra8 27. a4 b4 28. a5
Rbb8 29. Ba4 Bd7 30. cxb4 Bxb4 31. Nxb4 Rxb4 32. g3 c5 33. Bxd7+ Kxd7 34. Ra2
Kc6 35. Kf2 Kb5 36. Rea1 Ka6 37. Rc1 c4 38. Ke3 Rab8 39. Rc2 R4b5 40. Kd4 Rb3
41. Rd2 h5 42. Ra1 Rxb2 43. Rxb2 Rxb2 44. Rc1 Rb5 45. Ra1 Rxa5 46. Rb1 Rb5 47.
Ra1+ Kb6 48. Ra8 Rb3 0-1

[Event "Championnat de France des Jeunes - Mini"]
[Site "Troyes"]
[Date "2010.04.14"]
[Round "5.10"]
[White "Thon, Gabriel"]
[Black "De Lussac, Maxence"]
[Result "0-1"]
[WhiteElo "2107"]
[BlackElo "1813"]
[PlyCount "88"]

1. e4 c5 2. Nf3 e6 3. d4 cxd4 4. Nxd4 a6 5. Bd3 Nf6 6. O-O Qc7 7. Be3 Be7 8. c4
Nc6 9. Nc3 Nxd4 10. Bxd4 Bc5 11. Bxc5 Qxc5 12. Re1 d6 13. Qd2 e5 14. b3 Be6 15.
Rac1 Qc7 16. f3 O-O 17. Kh1 Rac8 18. Bb1 Rfd8 19. Nd5 Bxd5 20. exd5 a5 21. Bf5
Ra8 22. f4 exf4 23. Qxf4 Re8 24. Rxe8+ Rxe8 25. c5 Qxc5 26. h3 Qxd5 27. Bc8 Re2
28. Qf3 Qxf3 29. gxf3 Rd2 30. Bxb7 Kf8 31. a4 d5 32. Rc5 d4 33. Rxa5 d3 34. Kg1
Ra2 35. f4 d2 36. Bf3 Ra1+ 37. Kg2 d1=Q 38. Bxd1 Rxd1 39. Re5 Rd2+ 40. Kf1 Rd3
41. b4 Rd4 42. f5 Rxb4 43. a5 Rb8 44. Ke2 Re8 0-1

[Event "Championnat de France des Jeunes - Mini"]
[Site "Troyes"]
[Date "2010.04.14"]
[Round "5.1"]
[White "Lenoel, Marine"]
[Black "Neuhauser, Salome"]
[Result "0-1"]
[WhiteElo "1718"]
[BlackElo "2014"]
[PlyCount "0"]

1. d4 Nf6 2. e3 e6 3. f4 b6 4. Nf3 Bb7 5. Bd3 Ne4 6. Nbd2 f5 7. Bxe4 fxe4 8.
Ng5 Qf6 9. O-O Qg6 10. c3 Be7 11. Nh3 d6 12. a4 a5 13. Qc2 Nd7 14. Nf2 O-O 15.
c4 c5 16. d5 exd5 17. cxd5 Bxd5 18. Ndxe4 Kh8 19. Qd3 Bb7 20. Rd1 Nf6 21. Ng3
Qxd3 22. Nxd3 Rad8 23. Nf5 Rfe8 24. Nxe7 Rxe7 25. h3 Nd5 26. Kf2 Rde8 27. Ne1
Nxe3 28. Bxe3 Rxe3 29. Rxd6 Re2+ 30. Kf1 Ba6 31. Nd3 Rd2 32. Ra3 h6 33. Kg1
Ree2 34. Rd7 Rxg2+ 35. Kf1 Rg3 0-1

[Event "Championnat de France des Jeunes - Mini"]
[Site "Troyes"]
[Date "2010.04.14"]
[Round "5.2"]
[White "Eid, Maha"]
[Black "Monpeurt, Cyrielle"]
[Result "1-0"]
[WhiteElo "2003"]
[BlackElo "1855"]
[PlyCount "69"]

1. d4 Nf6 2. c4 c5 3. d5 e6 4. Nc3 exd5 5. cxd5 d6 6. e4 g6 7. Be2 Bg7 8. Nf3
O-O 9. O-O Nbd7 10. Nd2 a6 11. a4 Re8 12. Qc2 Rb8 13. a5 Qe7 14. Re1 Qf8 15. f4
b5 16. axb6 Rxb6 17. Nc4 Rb8 18. h3 Nb6 19. Na5 Ra8 20. Bd2 Bd7 21. Bf3 Bb5 22.
Qb3 Reb8 23. Nxb5 axb5 24. Nc6 Nc4 25. Bc3 Rb7 26. Rxa8 Qxa8 27. e5 Ne8 28. Qc2
Qa6 29. e6 f5 30. e7 Bxc3 31. Qxc3 b4 32. Qd3 Qa2 33. Qe2 Kh8 34. Qe6 Ng7 35.
Qc8+ 1-0

[Event "Championnat de France des Jeunes - Mini"]
[Site "Troyes"]
[Date "2010.04.14"]
[Round "5.3"]
[White "Aflalo, Sophie"]
[Black "Lebret, Loriane"]
[Result "1-0"]
[WhiteElo "2041"]
[BlackElo "1639"]
[PlyCount "73"]

1. e4 e5 2. Nf3 Nf6 3. Nxe5 d6 4. Nf3 Nxe4 5. Nc3 d5 6. Qe2 Be7 7. Nxe4 dxe4 8.
Qxe4 O-O 9. Bc4 Nc6 10. O-O Bf6 11. c3 Re8 12. Qd5 Be6 13. Qxd8 Raxd8 14. Bxe6
Rxe6 15. d4 Re2 16. Bd2 Ne7 17. Rfe1 Rxe1+ 18. Rxe1 Nd5 19. Kf1 Kf8 20. c4 Nb6
21. Bb4+ Kg8 22. b3 h6 23. Be7 Bxe7 24. Rxe7 Rd7 25. Re8+ Kh7 26. a4 a5 27. c5
Nd5 28. Ne5 Re7 29. Rxe7 Nxe7 30. Nxf7 Nf5 31. d5 Kg8 32. Nd8 b6 33. d6 bxc5
34. d7 Ne7 35. Ne6 Nc6 36. d8=Q+ Nxd8 37. Nxd8 1-0

[Event "Championnat de France des Jeunes - Mini"]
[Site "Troyes"]
[Date "2010.04.14"]
[Round "5.4"]
[White "Finkel, Julie"]
[Black "Richier, Lucie"]
[Result "0-1"]
[WhiteElo "1651"]
[BlackElo "1660"]
[PlyCount "66"]

1. g3 Nf6 2. Bg2 g6 3. e4 d6 4. d3 Bg7 5. Nd2 Nc6 6. c3 d5 7. d4 e5 8. dxe5
Nxe5 9. Qc2 O-O 10. Ne2 dxe4 11. O-O Re8 12. Nxe4 c6 13. Rd1 Qc7 14. Nd6 Rd8
15. Nxc8 Raxc8 16. Be3 b6 17. Rxd8+ Rxd8 18. Rd1 Nc4 19. Rxd8+ Qxd8 20. Bf4 Qd7
21. Nd4 Nd5 22. Qb3 Nxf4 23. Bxc6 Ne2+ 24. Kh1 Nxd4 25. Bxd7 Nxb3 26. axb3 Nxb2
27. c4 Nd3 28. Kg2 Nc5 29. Ba4 Nxa4 30. bxa4 Bd4 31. f4 f5 32. h3 h5 33. Kf3
Kf7 0-1

[Event "Championnat de France des Jeunes - Mini"]
[Site "Troyes"]
[Date "2010.04.14"]
[Round "5.5"]
[White "Dubois, Marie"]
[Black "Gan, Grace"]
[Result "1-0"]
[WhiteElo "1616"]
[BlackElo "1652"]
[PlyCount "91"]

1. d4 d5 2. c4 e6 3. Nc3 c5 4. cxd5 exd5 5. Nf3 Nc6 6. g3 c4 7. Bg2 Bb4 8. O-O
Nge7 9. Re1 O-O 10. Bg5 f6 11. Bd2 Qa5 12. a3 Bxc3 13. Bxc3 Qa6 14. Nd2 b5 15.
e4 Be6 16. Bb4 Nxb4 17. axb4 Qd6 18. Qe2 Rfe8 19. e5 fxe5 20. Qxe5 Qxe5 21.
Rxe5 Bf7 22. Rae1 Kf8 23. Nb1 Nc6 24. Rxe8+ Rxe8 25. Rxe8+ Kxe8 26. Nc3 Nxd4
27. Nxd5 Bxd5 28. Bxd5 Kd7 29. Be4 h6 30. Kf1 Ke6 31. f4 g5 32. fxg5 hxg5 33.
Kf2 Ke5 34. Ke3 Nf5+ 35. Bxf5 Kxf5 36. h4 gxh4 37. gxh4 Kg4 38. Kd4 Kxh4 39.
Kc5 Kg5 40. Kxb5 Kf6 41. Kxc4 a6 42. Kc5 Ke6 43. Kb6 Kd7 44. Kxa6 Kc6 45. b5+
Kc7 46. Ka7 1-0

[Event "Championnat de France des Jeunes - Mini"]
[Site "Troyes"]
[Date "2010.04.14"]
[Round "5.6"]
[White "Bertin, Cecile"]
[Black "Afraoui, Solenn"]
[Result "0-1"]
[WhiteElo "1616"]
[BlackElo "1851"]
[PlyCount "72"]

1. e4 c5 2. Nf3 d6 3. d4 cxd4 4. Nxd4 Nf6 5. Nc3 g6 6. Be2 Bg7 7. Be3 Nc6 8.
O-O O-O 9. f4 Qb6 10. Qd3 Ng4 11. Nd5 Bxd4 12. Nxb6 Bxe3+ 13. Kh1 Bxb6 14. Bxg4
Bxg4 15. f5 gxf5 16. exf5 Bh5 17. Rf4 f6 18. Rh4 Be8 19. Qh3 Rf7 20. Rf1 Ne5
21. Qb3 Bc6 22. Rh3 Kh8 23. Rg3 Rg8 24. Rxg8+ Kxg8 25. h3 Kh8 26. Re1 Rg7 27.
Re2 Bc5 28. Qe6 Rg3 29. Kh2 Rg7 30. Qc8+ Rg8 31. Qe6 Re8 32. a3 Bb5 33. Re4 Bd7
34. Qb3 Bxf5 35. Rh4 b6 36. c3 Rg8 0-1

[Event "Championnat de France des Jeunes - Mini"]
[Site "Troyes"]
[Date "2010.04.14"]
[Round "5.7"]
[White "Colin, Phanie"]
[Black "Haller, Noemie"]
[Result "1-0"]
[WhiteElo "1830"]
[BlackElo "1650"]
[PlyCount "99"]

1. Nf3 g6 2. g3 Bg7 3. Bg2 d6 4. O-O e5 5. d3 Nc6 6. c4 Bg4 7. h3 Bd7 8. Nc3
Qc8 9. Kh2 h5 10. Nd5 Nf6 11. Bg5 Nxd5 12. cxd5 Ne7 13. e4 f6 14. Be3 g5 15.
Nd2 Ng6 16. Rc1 f5 17. Bxg5 h4 18. exf5 Bxf5 19. g4 Bxd3 20. Be4 Bxe4 21. Nxe4
O-O 22. Qc2 Nf4 23. Qxc7 Nxd5 24. Qxd6 Qe8 25. Qxd5+ Kh8 26. Qxb7 Rf7 27. Rc7
Rb8 28. Qxa7 Ra8 29. Qc5 Rxa2 30. Rxf7 Qxf7 31. Qc8+ Kh7 32. Qf5+ Qxf5 33. gxf5
Rxb2 34. Bxh4 Rb4 35. Re1 Kg8 36. Bg3 Kf7 37. Nd6+ Kf6 38. Ne8+ Kf7 39. Nxg7
Kxg7 40. Rxe5 Kf6 41. Rc5 Re4 42. h4 Rg4 43. Kh3 Rg8 44. h5 Rg5 45. Bh4 Kg7 46.
Bxg5 Kg8 47. Rc7 Kf8 48. h6 Kg8 49. h7+ Kh8 50. Bf6# 1-0